000 00791nam a22002773u 4500
001 DHIM2026032313500040
003 RU-10907106
005 20260323135651.0
007 tu
008 260323s2010 gau ||| ||| 000 0 geo d
020 _9978-9941-18-002-6
_a9789941180026
040 _aRU-10907106
_bger
_cRU-10907106
041 _ageo
100 1 _4aut
_aJ̌orǰaże, Arč̕il
_968919
245 0 _aCerilebi
264 1 _aTbilisi
_bIlia State University Press
_c2010
300 _a57 Seiten
336 _2rdacontent
_aText
_btxt
337 _2rdamedia
_aOhne Hilfsmittel zu benutzen
_bn
338 _2rdacarrier
_aBand
_bnc
490 0 _aSeria ilias bibliot̕eka
_v5
600 _aJorjadze, Archil
_968920
650 _aBriefsammlung
_92111
651 _aGeorgien
942 _2z
_cMG
999 _c73982
_d73982